000
00306nam a2200109 4500
999
_c
12193
_d
12193
008
190118b ||||| |||| 00| 0 eng d
245
_a
18 killed in helicopter crash in Russia.
260
_a
Phillippines
_b
The Philippine Star
_c
c2018
300
_a
page B6.
650
0
_9
34523
_a
Accidents.
942
_2
ddc
_c
PER